[Event "World Chess Olympiad 2018"]
[Site "Batumi"]
[Date "2018.10.03"]
[Round "9"]
[Board "3"]
[WhiteFideId "1000268"]
[White "Van Wely Loek"]
[BlackFideId "13900463"]
[Black "Svetushkin Dmitry"]
[Result "1/2-1/2"]
[LiveChessVersion "1.4.8"]
[BlackElo "2580"]
[WhiteElo "2642"]

1. Nf3 {[%clk 1:30:53]} d5 {[%clk 1:30:29]} 2. d4 {[%clk 1:31:12]} Nf6
{[%clk 1:30:52]} 3. c4 {[%clk 1:31:38]} c6 {[%clk 1:31:18]} 4. Qb3
{[%clk 1:31:54]} dxc4 {[%clk 1:31:41]} 5. Qxc4 {[%clk 1:32:20]} Bf5
{[%clk 1:32:04]} 6. g3 {[%clk 1:30:59]} e6 {[%clk 1:32:27]} 7. Bg2
{[%clk 1:31:24]} Be7 {[%clk 1:32:49]} 8. O-O {[%clk 1:31:40]} O-O
{[%clk 1:32:59]} 9. e3 {[%clk 1:31:27]} Nbd7 {[%clk 1:33:21]} 10. Qe2
{[%clk 1:30:19]} Qc7 {[%clk 1:32:39]} 11. Nc3 {[%clk 1:20:59]} e5
{[%clk 1:30:41]} 12. Re1 {[%clk 1:15:56]} Rfe8 {[%clk 1:26:40]} 13. h3
{[%clk 1:11:20]} exd4 {[%clk 1:22:29]} 14. Nxd4 {[%clk 1:10:22]} Bg6
{[%clk 1:22:53]} 15. Rd1 {[%clk 0:56:32]} Nc5 {[%clk 1:17:43]} 16. b3
{[%clk 0:56:23]} Nfe4 {[%clk 1:16:19]} 17. Bb2 {[%clk 0:53:49]} Bg5
{[%clk 1:10:31]} 18. Nxe4 {[%clk 0:47:08]} Nxe4 {[%clk 1:09:23]} 19. f4
{[%clk 0:43:58]} Bf6 {[%clk 1:02:46]} 20. Kh2 {[%clk 0:39:01]} Nd6
{[%clk 0:59:15]} 21. Rac1 {[%clk 0:34:16]} Be4 {[%clk 0:54:34]} 22. Ba3
{[%clk 0:34:05]} Bxg2 {[%clk 0:52:56]} 23. Bxd6 {[%clk 0:34:11]} Qxd6
{[%clk 0:53:14]} 24. Qxg2 {[%clk 0:34:34]} Rad8 {[%clk 0:49:29]} 25. Qc2
{[%clk 0:30:14]} Qf8 {[%clk 0:44:42]} 26. Qf2 {[%clk 0:27:48]} Bxd4
{[%clk 0:25:08]} 27. Rxd4 {[%clk 0:28:03]} Rxd4 {[%clk 0:25:27]} 28. exd4
{[%clk 0:28:28]} Qd6 {[%clk 0:20:47]} 29. Re1 {[%clk 0:27:41]} Rd8
{[%clk 0:19:33]} 30. f5 {[%clk 0:26:54]} h6 {[%clk 0:19:17]} 31. Re4
{[%clk 0:26:22]} Qf6 {[%clk 0:18:38]} 32. h4 {[%clk 0:18:46]} Rd5
{[%clk 0:18:06]} 33. Re8+ {[%clk 0:11:41]} Kh7 {[%clk 0:18:29]} 34. Re5
{[%clk 0:12:07]} Rd7 {[%clk 0:17:56]} 35. Qe3 {[%clk 0:10:13]} Qd6
{[%clk 0:14:49]} 36. Kh3 {[%clk 0:10:07]} a6 {[%clk 0:11:37]} 37. Qe4
{[%clk 0:09:05]} f6 {[%clk 0:06:58]} 38. Re8 {[%clk 0:09:18]} Qxd4
{[%clk 0:06:53]} 39. Rh8+ {[%clk 0:08:28]} 1/2-1/2

[Event "World Chess Olympiad 2018"]
[Site "Batumi"]
[Date "2018.10.03"]
[Round "9"]
[Board "4"]
[WhiteFideId "13900897"]
[White "Morozov Nichita"]
[BlackFideId "1039784"]
[Black "Van Foreest Jorden"]
[Result "0-1"]
[LiveChessVersion "1.4.8"]
[BlackElo "2624"]
[WhiteElo "2452"]

1. d4 {[%clk 1:30:57]} d6 {[%clk 1:30:51]} 2. e4 {[%clk 1:30:35]} Nf6
{[%clk 1:30:44]} 3. Nc3 {[%clk 1:30:53]} e5 {[%clk 1:29:57]} 4. Nf3
{[%clk 1:30:37]} Nbd7 {[%clk 1:29:57]} 5. Bc4 {[%clk 1:30:34]} Be7
{[%clk 1:29:59]} 6. O-O {[%clk 1:30:58]} O-O {[%clk 1:30:16]} 7. a4
{[%clk 1:31:25]} exd4 {[%clk 1:29:49]} 8. Nxd4 {[%clk 1:30:37]} Ne5
{[%clk 1:30:04]} 9. Ba2 {[%clk 1:28:14]} Nc6 {[%clk 1:30:12]} 10. h3
{[%clk 1:20:19]} Nb4 {[%clk 1:29:41]} 11. Bb3 {[%clk 1:18:12]} c5
{[%clk 1:29:34]} 12. Nf3 {[%clk 1:17:04]} Be6 {[%clk 1:27:52]} 13. Bxe6
{[%clk 1:03:49]} fxe6 {[%clk 1:28:14]} 14. e5 {[%clk 1:02:33]} dxe5
{[%clk 1:24:51]} 15. Qe2 {[%clk 1:02:56]} Nc6 {[%clk 1:19:06]} 16. Nxe5
{[%clk 1:00:38]} Nd4 {[%clk 1:18:50]} 17. Qc4 {[%clk 1:01:02]} Bd6
{[%clk 1:01:50]} 18. Nd3 {[%clk 0:52:41]} Nxc2 {[%clk 0:59:35]} 19. Nb5
{[%clk 0:49:53]} Nxa1 {[%clk 0:52:49]} 20. Qxe6+ {[%clk 0:50:20]} Kh8
{[%clk 0:53:06]} 21. Nxd6 {[%clk 0:50:41]} Ne4 {[%clk 0:51:45]} 22. Qxe4
{[%clk 0:47:50]} Qxd6 {[%clk 0:52:08]} 23. Bf4 {[%clk 0:48:17]} Qc6
{[%clk 0:49:55]} 24. Qc4 {[%clk 0:44:27]} Nb3 {[%clk 0:47:46]} 25. Re1
{[%clk 0:42:05]} Rad8 {[%clk 0:40:22]} 26. Re7 {[%clk 0:37:47]} Qf6
{[%clk 0:39:20]} 27. Rc7 {[%clk 0:36:09]} Rxd3 {[%clk 0:38:45]} 0-1

[Event "World Chess Olympiad 2018"]
[Site "Batumi"]
[Date "2018.10.03"]
[Round "9"]
[Board "1"]
[WhiteFideId "2805677"]
[White "Gelfand Boris"]
[BlackFideId "703303"]
[Black "Leko Peter"]
[Result "1/2-1/2"]
[LiveChessVersion "1.4.8"]
[BlackElo "2690"]
[WhiteElo "2703"]

1. c4 {[%clk 1:30:55]} c5 {[%clk 1:30:48]} 2. Nf3 {[%clk 1:31:21]} Nf6
{[%clk 1:31:07]} 3. Nc3 {[%clk 1:31:46]} Nc6 {[%clk 1:31:20]} 4. e3
{[%clk 1:32:03]} e6 {[%clk 1:31:29]} 5. d4 {[%clk 1:32:29]} d5 {[%clk 1:31:52]}
6. a3 {[%clk 1:32:42]} dxc4 {[%clk 1:31:32]} 7. Bxc4 {[%clk 1:32:17]} a6
{[%clk 1:31:55]} 8. O-O {[%clk 1:32:33]} b5 {[%clk 1:31:43]} 9. Ba2
{[%clk 1:32:30]} Bb7 {[%clk 1:30:54]} 10. Qe2 {[%clk 1:32:27]} cxd4
{[%clk 1:27:25]} 11. Rd1 {[%clk 1:30:26]} b4 {[%clk 1:27:39]} 12. exd4
{[%clk 1:29:27]} bxc3 {[%clk 1:24:44]} 13. d5 {[%clk 1:29:39]} Nxd5
{[%clk 1:22:33]} 14. Bxd5 {[%clk 1:28:41]} Nd4 {[%clk 1:22:17]} 15. Rxd4
{[%clk 1:26:18]} Bxd5 {[%clk 1:22:30]} 16. bxc3 {[%clk 1:16:07]} Bc5
{[%clk 1:19:47]} 17. Rg4 {[%clk 1:15:54]} Qf6 {[%clk 1:14:07]} 18. Ne5
{[%clk 1:10:40]} Bd6 {[%clk 1:05:16]} 19. Nc4 {[%clk 1:04:33]} Bxc4
{[%clk 0:13:34]} 20. Qxc4 {[%clk 1:04:46]} O-O {[%clk 0:13:56]} 21. Bg5
{[%clk 1:04:51]} Qg6 {[%clk 0:11:58]} 22. Be7 {[%clk 1:03:06]} Bxe7
{[%clk 0:11:11]} 23. Rxg6 {[%clk 1:03:32]} hxg6 {[%clk 0:11:37]} 24. g3
{[%clk 0:50:40]} Rfc8 {[%clk 0:11:55]} 25. Qd3 {[%clk 0:50:37]} Bf6
{[%clk 0:08:30]} 26. Rc1 {[%clk 0:50:15]} Rc6 {[%clk 0:08:53]} 27. h4
{[%clk 0:42:56]} Rd8 {[%clk 0:07:05]} 28. Qf3 {[%clk 0:40:07]} Rdc8
{[%clk 0:07:22]} 29. c4 {[%clk 0:39:12]} a5 {[%clk 0:07:27]} 30. Kg2
{[%clk 0:30:13]} Rc5 {[%clk 0:07:35]} 31. Rd1 {[%clk 0:18:29]} Rxc4
{[%clk 0:06:16]} 32. Rd7 {[%clk 0:17:58]} Rf8 {[%clk 0:05:27]} 33. Qb7
{[%clk 0:17:26]} Rc5 {[%clk 0:04:04]} 34. Qa7 {[%clk 0:14:29]} Rb5
{[%clk 0:03:35]} 35. a4 {[%clk 0:14:09]} Rf5 {[%clk 0:02:55]} 36. Rb7
{[%clk 0:08:44]} Bc3 {[%clk 0:02:34]} 37. Rb8 {[%clk 0:08:26]} Bb4
{[%clk 0:02:22]} 38. Qa8 {[%clk 0:07:42]} Rd5 {[%clk 0:02:06]} 39. Rxf8+
{[%clk 0:05:52]} Bxf8 {[%clk 0:02:34]} 40. Kf1 {[%clk 0:35:57]} g5
{[%clk 0:31:34]} 41. hxg5 {[%clk 0:30:55]} Rxg5 {[%clk 0:31:30]} 42. Kg2
{[%clk 0:22:52]} g6 {[%clk 0:31:50]} 43. Qb8 {[%clk 0:22:23]} Rd5
{[%clk 0:32:14]} 44. f4 {[%clk 0:21:16]} g5 {[%clk 0:26:03]} 45. fxg5
{[%clk 0:20:56]} Rxg5 {[%clk 0:26:27]} 46. Kf3 {[%clk 0:21:17]} Kg7
{[%clk 0:26:06]} 47. Qb2+ {[%clk 0:20:55]} 1/2-1/2

[Event "World Chess Olympiad 2018"]
[Site "Batumi"]
[Date "2018.10.03"]
[Round "9"]
[Board "2"]
[WhiteFideId "712779"]
[White "Gledura Benjamin"]
[BlackFideId "2806851"]
[Black "Rodshtein Maxim"]
[Result "0-1"]
[LiveChessVersion "1.4.8"]
[BlackElo "2674"]
[WhiteElo "2621"]

1. e4 {[%clk 1:30:57]} e5 {[%clk 1:30:29]} 2. Nf3 {[%clk 1:31:19]} Nc6
{[%clk 1:30:53]} 3. Bc4 {[%clk 1:31:37]} Bc5 {[%clk 1:31:14]} 4. d3
{[%clk 1:31:45]} Nf6 {[%clk 1:31:20]} 5. O-O {[%clk 1:31:50]} O-O
{[%clk 1:30:32]} 6. h3 {[%clk 1:31:58]} d6 {[%clk 1:29:47]} 7. c3
{[%clk 1:31:41]} a6 {[%clk 1:29:54]} 8. Re1 {[%clk 1:30:51]} Ba7 {[%clk 1:28:20]}
9. Bb3 {[%clk 1:30:09]} Be6 {[%clk 1:24:53]} 10. Bxe6 {[%clk 1:22:56]} fxe6
{[%clk 1:25:18]} 11. Be3 {[%clk 1:23:17]} Bxe3 {[%clk 1:04:13]} 12. Rxe3
{[%clk 1:23:41]} Nd7 {[%clk 0:59:59]} 13. Nbd2 {[%clk 1:11:07]} a5
{[%clk 0:50:13]} 14. Nf1 {[%clk 1:02:05]} Qe7 {[%clk 0:35:50]} 15. Ng3
{[%clk 0:58:15]} Rf7 {[%clk 0:34:52]} 16. Qb3 {[%clk 0:47:23]} Nc5
{[%clk 0:28:55]} 17. Qc4 {[%clk 0:45:45]} Rb8 {[%clk 0:23:10]} 18. d4
{[%clk 0:43:10]} b5 {[%clk 0:22:16]} 19. Qe2 {[%clk 0:42:41]} Nd7
{[%clk 0:22:32]} 20. a4 {[%clk 0:39:27]} exd4 {[%clk 0:17:29]} 21. cxd4
{[%clk 0:39:33]} bxa4 {[%clk 0:16:29]} 22. Rxa4 {[%clk 0:38:25]} Nb6
{[%clk 0:15:26]} 23. Ra1 {[%clk 0:33:38]} a4 {[%clk 0:07:33]} 24. Rc3
{[%clk 0:30:16]} Na5 {[%clk 0:07:16]} 25. Qb5 {[%clk 0:28:48]} Ra8
{[%clk 0:06:33]} 26. Rac1 {[%clk 0:23:44]} Ra7 27. R1c2 {[%clk 0:15:39]} Nb3
{[%clk 0:05:31]} 28. Qb4 {[%clk 0:15:24]} Qd8 {[%clk 0:05:07]} 29. Rd3
{[%clk 0:13:25]} h6 {[%clk 0:05:04]} 30. Ne2 {[%clk 0:10:21]} Qa8
{[%clk 0:03:53]} 31. Nc3 {[%clk 0:09:59]} Ra5 {[%clk 0:03:50]} 32. Rd1
{[%clk 0:06:02]} Qa6 {[%clk 0:03:00]} 33. e5 {[%clk 0:05:41]} d5 {[%clk 0:03:03]}
34. Nd2 {[%clk 0:04:40]} Qd3 {[%clk 0:02:55]} 35. Nxb3 {[%clk 0:00:45]} Qxc2
{[%clk 0:03:20]} 36. Rf1 {[%clk 0:00:49]} axb3 {[%clk 0:02:24]} 37. Qxa5
{[%clk 0:01:13]} Qxb2 {[%clk 0:02:48]} 38. Nb5 {[%clk 0:01:05]} Qc2
{[%clk 0:02:14]} 0-1

[Event "World Chess Olympiad 2018"]
[Site "Batumi"]
[Date "2018.10.03"]
[Round "9"]
[Board "3"]
[WhiteFideId "2809052"]
[White "Nabaty Tamir"]
[BlackFideId "702293"]
[Black "Almasi Zoltan"]
[Result "1-0"]
[LiveChessVersion "1.4.8"]
[BlackElo "2702"]
[WhiteElo "2692"]

1. d4 {[%clk 1:30:56]} Nf6 {[%clk 1:30:53]} 2. Bf4 {[%clk 1:31:17]} g6
{[%clk 1:30:25]} 3. Nc3 {[%clk 1:31:39]} c5 {[%clk 1:24:38]} 4. dxc5
{[%clk 1:29:14]} Qa5 {[%clk 1:24:53]} 5. a3 {[%clk 1:21:45]} Qxc5
{[%clk 1:24:25]} 6. e4 {[%clk 1:22:07]} Bg7 {[%clk 1:23:26]} 7. Nf3
{[%clk 1:19:19]} d6 {[%clk 1:22:30]} 8. h3 {[%clk 1:13:40]} O-O {[%clk 1:19:08]}
9. Qd2 {[%clk 1:13:16]} b6 {[%clk 1:12:09]} 10. O-O-O {[%clk 1:08:07]} Bb7
{[%clk 1:12:09]} 11. Be3 {[%clk 0:55:51]} Qc7 {[%clk 1:06:23]} 12. Bd3
{[%clk 0:55:45]} Nbd7 {[%clk 1:03:20]} 13. Bh6 {[%clk 0:55:09]} Rfc8
{[%clk 1:00:08]} 14. Bxg7 {[%clk 0:53:30]} Kxg7 {[%clk 1:00:37]} 15. h4
{[%clk 0:53:13]} h5 {[%clk 0:59:44]} 16. Ng5 {[%clk 0:51:21]} Ne5
{[%clk 0:55:44]} 17. Rhe1 {[%clk 0:46:14]} Nxd3+ {[%clk 0:50:48]} 18. Qxd3
{[%clk 0:45:57]} Qc4 {[%clk 0:25:29]} 19. Qg3 {[%clk 0:45:27]} Qc5
{[%clk 0:23:48]} 20. e5 {[%clk 0:40:01]} dxe5 {[%clk 0:23:35]} 21. Rxe5
{[%clk 0:40:19]} Qc7 {[%clk 0:23:58]} 22. Qf4 {[%clk 0:24:32]} e6
{[%clk 0:22:54]} 23. f3 {[%clk 0:22:05]} Rd8 {[%clk 0:18:34]} 24. Rde1
{[%clk 0:22:30]} Rac8 {[%clk 0:18:46]} 25. Qa4 {[%clk 0:18:58]} Qd7
{[%clk 0:05:26]} 26. Qxa7 {[%clk 0:12:40]} Qd2+ {[%clk 0:03:44]} 27. Kb1
{[%clk 0:13:09]} Rxc3 {[%clk 0:04:00]} 28. bxc3 {[%clk 0:12:21]} Rd7
{[%clk 0:04:13]} 29. R5e2 {[%clk 0:09:55]} Qxc3 {[%clk 0:04:17]} 30. Qa4
{[%clk 0:10:01]} b5 {[%clk 0:01:34]} 31. Qb3 {[%clk 0:10:02]} Nd5
{[%clk 0:01:44]} 32. Ne4 {[%clk 0:09:47]} Qc7 {[%clk 0:01:58]} 33. Qb2+
{[%clk 0:09:43]} e5 {[%clk 0:02:06]} 34. Rd2 {[%clk 0:08:35]} Nc3+
{[%clk 0:01:01]} 35. Kc1 {[%clk 0:08:58]} Rxd2 {[%clk 0:01:05]} 36. Kxd2
{[%clk 0:07:41]} Nxe4+ {[%clk 0:00:53]} 37. fxe4 {[%clk 0:08:08]} Bc6
{[%clk 0:00:53]} 38. Kc1 {[%clk 0:08:00]} Qe7 {[%clk 0:00:53]} 39. g3
{[%clk 0:06:44]} Qc5 {[%clk 0:00:51]} 40. Qb4 {[%clk 0:37:08]} Qf2
{[%clk 0:30:57]} 41. Qc3 {[%clk 0:37:26]} Qf6 {[%clk 0:26:20]} 42. Qc5
{[%clk 0:35:55]} Bd7 {[%clk 0:19:59]} 43. Rd1 {[%clk 0:32:42]} Be6
{[%clk 0:19:21]} 44. Qxb5 {[%clk 0:32:42]} Kh7 {[%clk 0:17:58]} 45. Kb2
{[%clk 0:32:07]} Qf3 {[%clk 0:17:36]} 46. Qd3 {[%clk 0:31:00]} Qf2
{[%clk 0:17:57]} 47. Qc3 {[%clk 0:30:52]} Qe2 {[%clk 0:18:17]} 48. Re1
{[%clk 0:30:40]} 1-0

[Event "World Chess Olympiad 2018"]
[Site "Batumi"]
[Date "2018.10.03"]
[Round "9"]
[Board "4"]
[WhiteFideId "718572"]
[White "Berkes Ferenc"]
[BlackFideId "2801990"]
[Black "Smirin Ilia"]
[Result "1/2-1/2"]
[LiveChessVersion "1.4.8"]
[BlackElo "2594"]
[WhiteElo "2678"]

1. d4 {[%clk 1:30:52]} Nf6 {[%clk 1:30:49]} 2. Nf3 {[%clk 1:31:16]} g6
{[%clk 1:31:03]} 3. c4 {[%clk 1:31:39]} Bg7 {[%clk 1:31:08]} 4. Nc3
{[%clk 1:32:02]} d6 {[%clk 1:30:28]} 5. e4 {[%clk 1:32:25]} O-O {[%clk 1:30:31]}
6. Be2 {[%clk 1:32:52]} e5 {[%clk 1:30:45]} 7. O-O {[%clk 1:33:15]} Nc6
{[%clk 1:30:31]} 8. d5 {[%clk 1:33:34]} Ne7 {[%clk 1:30:55]} 9. Bg5
{[%clk 1:33:52]} Nh5 {[%clk 1:30:16]} 10. Bd3 {[%clk 1:34:05]} h6
{[%clk 1:25:19]} 11. Bd2 {[%clk 1:33:50]} Nf4 {[%clk 1:25:43]} 12. Bc2
{[%clk 1:34:15]} g5 {[%clk 1:23:49]} 13. Ne2 {[%clk 1:34:16]} f5 {[%clk 1:05:56]}
14. Ng3 {[%clk 1:28:33]} fxe4 {[%clk 1:01:46]} 15. Bxe4 {[%clk 1:28:36]} g4
{[%clk 1:00:00]} 16. Nh4 {[%clk 1:20:01]} Nexd5 {[%clk 0:52:04]} 17. Nhf5
{[%clk 0:44:09]} Nf6 {[%clk 0:51:49]} 18. Bc2 {[%clk 0:44:34]} Be6
{[%clk 0:51:03]} 19. Re1 {[%clk 0:43:41]} Qd7 {[%clk 0:49:53]} 20. c5
{[%clk 0:41:29]} Kh8 {[%clk 0:39:49]} 21. Ba4 {[%clk 0:36:02]} Qc8
{[%clk 0:35:39]} 22. cxd6 {[%clk 0:29:38]} Bxf5 {[%clk 0:34:54]} 23. Rxe5
{[%clk 0:30:02]} Nd3 {[%clk 0:31:54]} 24. Rxf5 {[%clk 0:30:17]} Nxb2
{[%clk 0:32:18]} 25. Qb3 {[%clk 0:27:09]} Nxa4 {[%clk 0:30:13]} 26. Qxa4
{[%clk 0:27:28]} cxd6 {[%clk 0:29:38]} 27. Rc1 {[%clk 0:19:36]} Qd7
{[%clk 0:21:45]} 28. Qxd7 {[%clk 0:17:59]} Nxd7 {[%clk 0:21:46]} 29. Rc7
{[%clk 0:18:25]} Ne5 {[%clk 0:14:40]} 30. Rxf8+ {[%clk 0:10:26]} Rxf8
{[%clk 0:14:39]} 31. Rxb7 {[%clk 0:10:14]} Nc4 {[%clk 0:14:16]} 1/2-1/2

[Event "World Chess Olympiad 2018"]
[Site "Batumi"]
[Date "2018.10.03"]
[Round "9"]
[Board "1"]
[WhiteFideId "2285525"]
[White "Anton Guijarro David"]
[BlackFideId "10200444"]
[Black "Mollah Abdullah Al Rakib"]
[Result "1-0"]
[LiveChessVersion "1.4.8"]
[BlackElo "2472"]
[WhiteElo "2639"]

1. e4 {[%clk 1:30:54]} e5 {[%clk 1:30:52]} 2. Nf3 {[%clk 1:31:15]} Nc6
{[%clk 1:31:13]} 3. Bc4 {[%clk 1:31:29]} Nf6 {[%clk 1:31:27]} 4. Ng5
{[%clk 1:31:22]} d5 {[%clk 1:31:48]} 5. exd5 {[%clk 1:31:47]} Na5
{[%clk 1:30:23]} 6. Bb5+ {[%clk 1:31:59]} c6 {[%clk 1:30:46]} 7. dxc6
{[%clk 1:32:16]} bxc6 {[%clk 1:31:09]} 8. Be2 {[%clk 1:32:34]} h6
{[%clk 1:31:23]} 9. Nh3 {[%clk 1:32:58]} Bd6 {[%clk 1:20:37]} 10. d3
{[%clk 1:31:15]} O-O {[%clk 1:18:53]} 11. O-O {[%clk 1:31:12]} Nb7
{[%clk 1:17:22]} 12. Nd2 {[%clk 1:21:41]} Bxh3 {[%clk 1:06:43]} 13. gxh3
{[%clk 1:22:04]} Nd5 {[%clk 1:07:03]} 14. Kh1 {[%clk 1:11:25]} Nc5
{[%clk 0:59:51]} 15. Ne4 {[%clk 1:02:22]} Ne6 {[%clk 0:57:37]} 16. Bf3
{[%clk 0:59:42]} Ndf4 {[%clk 0:54:45]} 17. Ng3 {[%clk 0:56:30]} Rc8
{[%clk 0:44:19]} 18. Bg4 {[%clk 0:52:05]} Rb8 {[%clk 0:44:20]} 19. Rb1
{[%clk 0:41:25]} Bc5 {[%clk 0:30:58]} 20. Be3 {[%clk 0:37:59]} f5
{[%clk 0:21:53]} 21. Bxf5 {[%clk 0:32:20]} Rxf5 {[%clk 0:07:36]} 22. Nxf5
{[%clk 0:31:38]} Qd5+ {[%clk 0:07:53]} 23. f3 {[%clk 0:32:03]} Rf8
{[%clk 0:08:13]} 24. Bxf4 {[%clk 0:26:16]} exf4 {[%clk 0:05:44]} 25. b4
{[%clk 0:23:05]} Qxf5 {[%clk 0:02:26]} 26. bxc5 {[%clk 0:23:29]} Qxc5
{[%clk 0:01:08]} 27. Qe2 {[%clk 0:20:20]} Nd4 {[%clk 0:01:16]} 28. Qe4
{[%clk 0:20:34]} Nf5 {[%clk 0:01:12]} 29. c4 {[%clk 0:19:37]} Ne3
{[%clk 0:00:46]} 30. Rg1 {[%clk 0:19:22]} Qh5 {[%clk 0:00:43]} 31. Rb7
{[%clk 0:18:42]} 1-0

[Event "World Chess Olympiad 2018"]
[Site "Batumi"]
[Date "2018.10.03"]
[Round "9"]
[Board "2"]
[WhiteFideId "10200037"]
[White "Rahman Ziaur"]
[BlackFideId "2210622"]
[Black "Perez Candelario Manuel"]
[Result "1/2-1/2"]
[LiveChessVersion "1.4.8"]
[BlackElo "2590"]
[WhiteElo "2477"]

1. d4 {[%clk 1:30:53]} Nf6 {[%clk 1:30:56]} 2. Bg5 {[%clk 1:31:09]} c5
{[%clk 1:31:21]} 3. Bxf6 {[%clk 1:29:48]} gxf6 {[%clk 1:31:20]} 4. d5
{[%clk 1:30:10]} Qb6 {[%clk 1:31:29]} 5. Qc1 {[%clk 1:30:22]} f5 {[%clk 1:31:48]}
6. c4 {[%clk 1:30:35]} Bg7 {[%clk 1:32:10]} 7. Nc3 {[%clk 1:30:58]} d6
{[%clk 1:32:29]} 8. e3 {[%clk 1:30:44]} Nd7 {[%clk 1:32:47]} 9. Qc2
{[%clk 1:30:41]} e5 {[%clk 1:31:25]} 10. Nh3 {[%clk 1:29:28]} e4 {[%clk 1:27:40]}
11. Be2 {[%clk 1:28:57]} Ne5 {[%clk 1:27:10]} 12. Nf4 {[%clk 1:23:39]} Rg8
{[%clk 1:18:05]} 13. a3 {[%clk 1:20:15]} Bd7 {[%clk 1:17:25]} 14. O-O
{[%clk 1:15:01]} Qd8 {[%clk 1:12:21]} 15. Qb3 {[%clk 1:07:14]} b6
{[%clk 0:59:48]} 16. Nb5 {[%clk 1:05:02]} a6 {[%clk 0:50:14]} 17. Nc3
{[%clk 0:57:25]} Rb8 {[%clk 0:50:15]} 18. a4 {[%clk 0:56:20]} a5 {[%clk 0:43:02]}
19. g3 {[%clk 0:54:22]} Qg5 {[%clk 0:34:35]} 20. Rfc1 {[%clk 0:45:36]} Bf6
{[%clk 0:30:27]} 21. Qd1 {[%clk 0:40:06]} Kd8 {[%clk 0:29:34]} 22. Ra3
{[%clk 0:29:38]} Kc7 {[%clk 0:28:52]} 23. Rb3 {[%clk 0:26:40]} Ng6
{[%clk 0:27:46]} 24. Ng2 {[%clk 0:24:18]} Ne5 {[%clk 0:20:36]} 25. Nb5+
{[%clk 0:22:24]} Bxb5 {[%clk 0:20:59]} 26. Rxb5 {[%clk 0:22:48]} Nd7
{[%clk 0:19:14]} 27. Rb3 {[%clk 0:21:38]} Be5 {[%clk 0:19:11]} 28. Kf1
{[%clk 0:20:30]} Nf6 {[%clk 0:18:47]} 29. Ke1 {[%clk 0:19:47]} Qh6
{[%clk 0:16:44]} 30. Nh4 {[%clk 0:13:55]} f4 {[%clk 0:16:03]} 31. exf4
{[%clk 0:11:29]} Bxf4 {[%clk 0:16:28]} 32. Nf5 {[%clk 0:11:19]} Qh3
{[%clk 0:12:27]} 33. Ne7 {[%clk 0:10:39]} Bxc1 {[%clk 0:11:21]} 34. Qxc1
{[%clk 0:10:13]} Rge8 {[%clk 0:10:07]} 35. Nc6 {[%clk 0:10:36]} e3
{[%clk 0:08:03]} 36. Rxe3 {[%clk 0:08:05]} Rxe3 {[%clk 0:08:29]} 37. Qxe3
{[%clk 0:07:51]} Re8 {[%clk 0:08:54]} 38. Qf3 {[%clk 0:06:54]} Qh6
{[%clk 0:04:02]} 39. Kd1 {[%clk 0:04:57]} Qg6 {[%clk 0:03:17]} 40. Kc1
{[%clk 0:34:02]} Ne4 {[%clk 0:31:54]} 41. Qe3 {[%clk 0:27:45]} f5
{[%clk 0:28:32]} 42. Bd3 {[%clk 0:25:50]} Nf6 {[%clk 0:17:45]} 43. Qd2
{[%clk 0:22:52]} Ng4 {[%clk 0:14:52]} 44. Qf4 {[%clk 0:21:51]} Ne5
{[%clk 0:12:26]} 45. Nxe5 {[%clk 0:15:37]} Rxe5 {[%clk 0:12:52]} 46. h4
{[%clk 0:14:59]} h6 {[%clk 0:12:47]} 47. Kc2 {[%clk 0:14:54]} Qh5
{[%clk 0:12:01]} 48. Kd2 {[%clk 0:15:04]} Kd8 {[%clk 0:11:39]} 49. f3
{[%clk 0:14:25]} Kc7 {[%clk 0:11:37]} 50. Kc2 {[%clk 0:14:32]} Kd8
{[%clk 0:10:02]} 51. Kd2 {[%clk 0:13:50]} Ke7 {[%clk 0:10:04]} 52. Kc2
{[%clk 0:13:57]} Kf6 {[%clk 0:07:12]} 53. Kd2 {[%clk 0:13:13]} Kg7
{[%clk 0:07:32]} 54. Kc2 {[%clk 0:13:31]} Kf6 {[%clk 0:05:10]} 55. Kd2
{[%clk 0:13:14]} Ke7 1/2-1/2

[Event "World Chess Olympiad 2018"]
[Site "Batumi"]
[Date "2018.10.03"]
[Round "9"]
[Board "3"]
[WhiteFideId "3503054"]
[White "Vazquez Igarza Renier"]
[BlackFideId "10207791"]
[Black "Mohammad Fahad Rahman"]
[Result "1-0"]
[LiveChessVersion "1.4.8"]
[BlackElo "2263"]
[WhiteElo "2573"]

1. Nf3 {[%clk 1:30:52]} d5 {[%clk 1:30:41]} 2. d4 {[%clk 1:30:58]} e6
{[%clk 1:30:57]} 3. c4 {[%clk 1:30:53]} Nf6 {[%clk 1:31:12]} 4. g3
{[%clk 1:29:27]} c5 {[%clk 1:23:08]} 5. cxd5 {[%clk 1:29:26]} Nxd5
{[%clk 1:22:43]} 6. Bg2 {[%clk 1:29:01]} Nc6 {[%clk 1:22:32]} 7. O-O
{[%clk 1:28:27]} Be7 {[%clk 1:17:21]} 8. dxc5 {[%clk 1:24:33]} O-O
{[%clk 1:12:50]} 9. a3 {[%clk 1:23:05]} Bxc5 {[%clk 1:12:25]} 10. Qc2
{[%clk 1:22:33]} Be7 {[%clk 1:05:46]} 11. Rd1 {[%clk 1:20:36]} Qa5
{[%clk 1:05:52]} 12. Bd2 {[%clk 1:15:26]} Qb5 {[%clk 0:57:22]} 13. Nc3
{[%clk 1:11:40]} Nxc3 {[%clk 0:57:30]} 14. Bxc3 {[%clk 1:11:55]} a5
{[%clk 0:45:22]} 15. Nd4 {[%clk 0:54:44]} Nxd4 {[%clk 0:44:38]} 16. Rxd4
{[%clk 0:53:17]} Qb6 {[%clk 0:23:16]} 17. Rad1 {[%clk 0:37:24]} e5
{[%clk 0:21:53]} 18. Rc4 {[%clk 0:28:12]} Be6 {[%clk 0:19:35]} 19. Bd5
{[%clk 0:28:34]} Rfd8 {[%clk 0:17:23]} 20. Bxe6 {[%clk 0:23:31]} Rxd1+
{[%clk 0:17:37]} 21. Qxd1 {[%clk 0:23:55]} Qxe6 {[%clk 0:18:01]} 22. Qb3
{[%clk 0:18:26]} b6 {[%clk 0:13:07]} 23. Qb5 {[%clk 0:16:51]} Rd8
{[%clk 0:11:01]} 24. Qxe5 {[%clk 0:14:35]} Qxe5 {[%clk 0:10:20]} 25. Bxe5
{[%clk 0:15:02]} f6 {[%clk 0:10:14]} 26. Bc3 {[%clk 0:14:16]} Kf7
{[%clk 0:09:07]} 27. Rc6 {[%clk 0:13:54]} Rd6 {[%clk 0:08:45]} 28. Rc7
{[%clk 0:13:25]} Ke6 {[%clk 0:08:18]} 29. Rb7 {[%clk 0:13:10]} g5
{[%clk 0:07:26]} 30. e3 {[%clk 0:10:51]} h5 {[%clk 0:03:21]} 31. Kf1
{[%clk 0:11:06]} f5 {[%clk 0:02:17]} 32. Bd4 {[%clk 0:10:38]} Bf6
{[%clk 0:02:11]} 33. Ke2 {[%clk 0:07:24]} f4 {[%clk 0:01:36]} 34. gxf4
{[%clk 0:03:01]} Bxd4 {[%clk 0:01:03]} 35. exd4 {[%clk 0:03:29]} gxf4
{[%clk 0:01:25]} 36. Kd3 {[%clk 0:02:55]} Kf5 {[%clk 0:01:41]} 37. Rg7
{[%clk 0:01:42]} Rc6 {[%clk 0:00:49]} 38. h4 {[%clk 0:01:34]} f3 {[%clk 0:00:40]}
39. Ke3 {[%clk 0:01:41]} Rc2 {[%clk 0:01:04]} 40. Rg5+ {[%clk 0:32:04]} Ke6
{[%clk 0:31:10]} 41. Rb5 {[%clk 0:32:17]} Kd6 {[%clk 0:31:23]} 42. Rxb6+
{[%clk 0:31:20]} Kd5 {[%clk 0:31:48]} 43. Rb5+ {[%clk 0:31:32]} Kc6
{[%clk 0:32:03]} 44. Rc5+ {[%clk 0:27:32]} 1-0